00297nam a2200109Ia 4500008004100000041000800041100001700049245003900066260003900105300000800144700003500152250110s9999 xx 000 0 und d aeng aPhadke Aditi aSchool For Visually Impaired, Pune bFinal Year B Arch BNCA, Punec2015 a89p aGuide Name:Sahasrabuddhe Swati